000 00498nam a22001932 4500
001 0000005513
005 20170406120756.0
008 150107s xx 000 0 eng d
020 _c$
040 _aYour Holding Symbol
_cYour Holding Symbol
100 1 _aHenry.A.M.
245 1 4 _aThe holy spirit.
250 _a ed.
260 _aNew york :
_bHawthorn,
_c1960.
300 _a138 p. ;
_c cm.
504 _abibliography.
650 0 _aholy spirit.
908 _a150107
999 _c5307
_d5307